Agroforestry syllabus (Record no. 8969)

000 -LEADER
fixed length control field 00234nam a22001217a 4500
040 ## - CATALOGING SOURCE
Transcribing agency SK
082 ## - DEWEY DECIMAL CLASSIFICATION NUMBER
Classification number 634
100 ## - MAIN ENTRY--AUTHOR NAME
Personal name NGUYEN VANSO
245 ## - TITLE STATEMENT
Title Agroforestry syllabus
260 ## - PUBLICATION, DISTRIBUTION, ETC. (IMPRINT)
Place of publication VIETNAM
Name of publisher NGU
Year of publication 1997
300 ## - PHYSICAL DESCRIPTION
Number of Pages 12p.
942 ## - ADDED ENTRY ELEMENTS (KOHA)
Koha item type សៀវភៅភាសាអង់គ្លេស
952 ## - LOCATION AND ITEM INFORMATION (KOHA)
Withdrawn status [LOCAL, KOHA] 0
Holdings
Koha item type Barcode Lost status Permanent Location Current Location Date acquired Full call number
សៀវភៅភាសាអង់គ្លេសRUA046066 Library Block BLibrary Block B2016-08-22634 NGU 1997 C233
មជ្ឈមណ្ឌលឯការនៃសាកលវិទ្យាល័យភូមិន្ទកសិកម្មចំការដូង

Powered by Koha